The Practical Design Of Structural Elements In Timber -- 2Nd Ed(Usd 120) (Record no. 4930)

000 -LEADER
fixed length control field 00305nam a2200109Ia 4500
008 - FIXED-LENGTH DATA ELEMENTS--GENERAL INFORMATION
fixed length control field 200302s9999 xx 000 0 und d
100 ## - MAIN ENTRY--PERSONAL NAME
Personal name John W.Bull
245 ## - TITLE STATEMENT
Title The Practical Design Of Structural Elements In Timber -- 2Nd Ed(Usd 120)
260 ## - PUBLICATION, DISTRIBUTION, ETC.
Name of publisher, distributor, etc. Gower Publishing Ltd.,
260 ## - PUBLICATION, DISTRIBUTION, ETC.
Date of publication, distribution, etc. 1994
300 ## - PHYSICAL DESCRIPTION
Extent 174 P
Holdings
Withdrawn status Lost status Damaged status Not for loan Permanent Location Current Location Date acquired Cost, normal purchase price Full call number Barcode Date last seen Price effective from Koha item type
        BMS College of Architecture, Design and Planning BMS College of Architecture, Design and Planning 2020-03-03 4995.00 624.184 CL-UG69923 2020-03-03 2020-03-03 UG Books from CL
Copyright © 2025, The Librarian, Library and Information Centre, BMSCA D&P, Bengaluru. All Rights Reserved
web counter

Powered by Koha